| 000 | 00576nam a2200181Ia 4500 | ||
|---|---|---|---|
| 999 |
_c16696 _d16696 |
||
| 082 | _aTS.0873 | ||
| 100 | _aSaxena, Sandhya | ||
| 245 | 0 | _aMahilayo me rajnitik visambandhan ka adhyayan : Ujjain nagar me sarvekshan ke aadhar par | |
| 260 |
_c1996 _bVikram University |
||
| 300 | _a284p. | ||
| 650 | _aWOMEN - POLITICAL ACTIVITY//WOMEN IN POLITICS | ||
| 650 | _aINDIA - POLITICS AND GOVERNMENT | ||
| 650 | _aWOMEN - SOCIO-ECONOMIC STATUS | ||
| 650 | _aWOMEN IN POLITICS | ||
| 650 | _aWOMEN - MADHYA PRADESH - UJJAIN | ||
| 710 | _aShrivastava, Rashmi | ||
| 942 |
_cTH _2ddc |
||